000 01365nab a22002297a 4500
999 _c6561
_d6561
003 OSt
005 20260224113145.0
008 190506c xxu||||| |||| 00| 0 spa d
040 _cPJ
100 _97140
_aDel Sastre, Manuela
245 1 0 _aIntercambio epistolar en el derecho laboral /
_cManuela Del Sastre.
260 _aBuenos Aires :
_bAbeledoPerrot,
_c2024.
300 _ap. 8-27
500 _aCita: TR LALEY AR/DOC/1675/2024.
505 _aSumario: I. Intercambio epistolar en el derecho laboral.— II. Recaudos epistolares.— III. Estructura del telegrama.— IV. Ley 23.789 - Gratuidad del trámite para trabajadores.— V. Cuantía de telegramas que se pueden enviar en una relación laboral.— VI. Teorías sobre el intercambio epistolar.— VII. Vicisitudes de las misivas.— VIII. Consecuencias de la falta de respuestas del empleador ante la recepción de los telegramas del trabajador.— IX. Las nuevas tecnologías como forma de comunicación en el derecho laboral.— X. Conclusión.
505 _t¿Te interesa el texto completo? Comunicate al correo: koha@justierradelfuego.gov.ar
650 0 _91316
_aDERECHO LABORAL
650 0 _95511
_aCARTA DOCUMENTO
650 0 _91487
_aTELEGRAMA
773 0 _02751
_93202
_dBuenos Aires : AbeledoPerrot, 2013-
_tRevista de derecho laboral y seguridad social. Nº 15 - Agosto 2024
942 _2udc
_cANA